000
00221nam a2200109Ia 4500
999
_c
8110
_d
8110
020
_a
9780071128926
100
_a
Heinz Weihrich
245
0
_a
Management
260
_a
USA
_b
McGraw Hill
_c
2002
300
_a
878
942
_c
BK